[Event "POL-chT 66th"]
[Site "Katowice"]
[Date "2010.09.10"]
[Round "7"]
[White "Hnydiuk, Aleksander"]
[Black "Kempinski, Robert"]
[Result "0-1"]
[WhiteElo "2448"]
[BlackElo "2615"]
[Annotator "RR"]
[PlyCount "130"]
[EventDate "2010.09.04"]
[EventType "team-tourn"]
[EventRounds "9"]
[EventCountry "POL"]
[SourceTitle "EXT 2016"]
[Source "ChessBase"]
[SourceDate "2015.10.08"]
[SourceVersion "1"]
[SourceVersionDate "2015.10.08"]
[SourceQuality "1"]
[WhiteTeam "Prokonex"]
[BlackTeam "Wroclaw"]
[WhiteTeamCountry "POL"]
[BlackTeamCountry "POL"]

1. e4 c5 2. Nf3 d6 3. c3 Nf6 4. Be2 Bd7 $5 (4... Nc6) 5. d3 g6 6. O-O (6. e5
dxe5 7. Nxe5 Nc6 8. Nxd7 Qxd7 9. Nd2 Bg7 10. Ne4 b6 11. Nxf6+ Bxf6 12. Be3 O-O
13. Qa4 Rad8 14. Rd1 e6 15. h4 Ne7 16. Qe4 Qd5 17. a3 h5 18. g3 Nf5 19. Bc1
Rfe8 20. Qxd5 {1/2-1/2 (20) Novikov,S (2568)-So,W (2673) Moscow 2011}) 6... Bg7
7. h3 O-O 8. Be3 (8. Re1) 8... Nc6 9. a3 {[%cal Gb2b4]} Rc8 10. Nbd2 e5 11. b4
Qe7 12. Re1 {[%csl Re1]} b6 13. Bf1 d5 $1 {Les blancs ont joué passivement
l'ouverture et les Noirs prennent l'initiative} 14. exd5 Nxd5 $11 15. Bg5 f6
16. Bh4 Be6 17. c4 $6 {[%csl Rd3]} Nf4 18. b5 Na5 (18... Nd8 19. Rxe5 g5 20.
Re4 Nh5 21. Bg3 f5 $17) 19. Rxe5 $5 g5 20. Re4 Nb7 21. Bg3 f5 22. Re1 Bxa1 23.
Qxa1 Ng6 24. d4 Qf6 25. d5 Qxa1 26. Rxa1 Bd7 27. Nxg5 f4 $1 28. Bh2 {[%csl Rh2]
} Nd6 {[%csl Gd6]} 29. Nge4 Nxe4 30. Nxe4 Rce8 31. f3 Bf5 32. Re1 Kg7 33. Kf2
Re7 34. Bd3 Ne5 35. Bf1 Ng6 36. Bd3 a6 37. a4 (37. bxa6 Ra7 38. a4 Rxa6 39. Bc2
Bd7 40. Nc3) 37... axb5 38. axb5 Ra7 39. Bf1 Ra2+ 40. Re2 Rxe2+ 41. Bxe2 Bxe4
42. fxe4 Kf6 {[%cal Gf6d4] Le Bh2 est hors-jeu} 43. g3 (43. h4 Ke5 44. h5 Nh8 (
44... Ne7 45. Bf3) 45. Bf3 Nf7 (45... Kd4)) 43... Ke5 44. gxf4+ Kxe4 45. Bf3+
Kd4 $40 46. d6 Rd8 (46... Kxc4 $6 47. f5 $13 {[%csl Gd6]}) 47. Bd5 Rxd6 48. Kf3
Ne7 $19 49. Bg1+ Kd3 50. Be4+ Kxc4 51. Kg4 Kxb5 52. Bxh7 c4 53. h4 c3 54. h5
Kc4 55. Be3 b5 56. f5 b4 57. Kg5 b3 58. h6 Nd5 59. Bg8 Rxh6 60. Kxh6 b2 61. f6
b1=Q 62. f7 Qf5 63. Kg7 Qf6+ 64. Kh7 c2 65. Bc1 Kc3 0-1

[Event "POL-chT 66th"]
[Site "Katowice"]
[Date "2010.09.10"]
[Round "7"]
[White "Antoniewski, Rafal"]
[Black "Luch, Michal"]
[Result "1-0"]
[WhiteElo "2608"]
[BlackElo "2385"]
[Annotator "RR"]
[PlyCount "65"]
[EventDate "2010.09.04"]
[EventType "team-tourn"]
[EventRounds "9"]
[EventCountry "POL"]
[SourceTitle "EXT 2016"]
[Source "ChessBase"]
[SourceDate "2015.10.08"]
[SourceVersion "1"]
[SourceVersionDate "2015.10.08"]
[SourceQuality "1"]
[WhiteTeam "Dankowice"]
[BlackTeam "Wroclaw AZS WSB"]
[WhiteTeamCountry "POL"]
[BlackTeamCountry "POL"]

1. e4 c5 2. Nf3 e6 3. b3 d6 (3... a6 4. Bb2 Nc6 5. c4 Nf6 6. e5 Ng4 7. h3 (7.
d4 $2 cxd4 8. Nxd4 Bb4+ 9. Nc3 Qa5) 7... Nh6 8. g4 $13) 4. Bb2 Nf6 $1 5. e5
dxe5 6. Nxe5 Nbd7 7. f4 (7. Na3 Nxe5 8. Bxe5 Bd6 9. Bb5+ Ke7 10. Bb2 a6 11. Be2
b5 12. c4 b4 13. Bf3 Rb8 14. Nc2 e5 15. O-O Re8 16. Bc6 Bd7 17. Bxd7 Qxd7 18.
a3 a5 19. axb4 axb4 20. Qf3 Kf8 21. d3 Qb7 22. Qf5 Rbd8 23. Ne3 Bb8 24. Rfd1
Qc6 25. Ng4 Nxg4 26. Qxg4 Bc7 27. Kf1 f6 28. f3 Ra8 29. Qe4 Qxe4 30. dxe4 Ke7
31. Ke2 Bd6 32. Kd3 Ke6 33. Kc2 Rxa1 34. Rxa1 g6 35. Bc1 f5 36. Be3 f4 {
Vachier Lagrave,M (2762)-Dubov,D (2614) Dubai 2014 1/2-1/2}) 7... Be7 8. Bd3
O-O 9. O-O Qc7 10. Qf3 g6 $146 (10... Rd8 11. Na3 Nf8 12. Nac4 Nd5 13. Qg3 Bf6
14. a4 b6 15. Rae1 Bb7 16. f5 exf5 17. Bxf5 Ng6 18. Qg4 Re8 19. Nd3 Bxb2 20.
Ncxb2 Nf6 21. Qh3 Qd6 22. Nc4 Qd4+ 23. Kh1 Nf4 24. Nxf4 Qxf4 25. Ne3 Qg5 26.
Qg3 Qxg3 27. hxg3 Ba6 28. d3 Re5 29. Kg1 Rae8 30. Kf2 g6 31. Bh3 Kg7 32. Re2
Nd5 33. Rfe1 Nc3 34. Rd2 f5 35. Kf3 Bb7+ 36. Kf2 Kf6 {0-1 (36) Houriez,C (2181)
-Van Elst,A (2294) Aix les Bains 2007}) 11. a4 Nd5 12. Na3 Nxe5 13. Bxe5 Qd8
14. Nc4 {[%csl Gc4]} f6 15. Bc3 Qc7 16. Rae1 $32 Bd6 $6 17. Nxd6 Qxd6 18. Bb2
Bd7 19. Qg3 (19. Bc4 $5 {[%cal Gf4f5]}) 19... Ne7 20. Bc4 Rae8 21. Rf3 Kg7 22.
Rd3 Nd5 23. Qh4 Bc6 24. Rh3 h5 25. Rf1 {[%cal Gg2g4]} Ne7 26. Qf2 b6 (26... Nf5
27. Rd3 Bd5 $132) 27. Rd3 Nd5 $2 28. f5 gxf5 29. Bxd5 exd5 30. Qxf5 d4 31. Rg3+
Kf7 32. Qh7+ Ke6 33. Re1+ 1-0

[Event "POL-chT 66th"]
[Site "Katowice"]
[Date "2010.09.12"]
[Round "9"]
[White "Dobrowolski, Piotr"]
[Black "Sieciechowicz, Marcin"]
[Result "1-0"]
[WhiteElo "2399"]
[BlackElo "2443"]
[Annotator "RR"]
[PlyCount "118"]
[EventDate "2010.09.04"]
[EventType "team-tourn"]
[EventRounds "9"]
[EventCountry "POL"]
[SourceTitle "EXT 2016"]
[Source "ChessBase"]
[SourceDate "2015.10.08"]
[SourceVersion "1"]
[SourceVersionDate "2015.10.08"]
[SourceQuality "1"]
[WhiteTeam "Wroclaw AZS WSB"]
[BlackTeam "Prokonex"]
[WhiteTeamCountry "POL"]
[BlackTeamCountry "POL"]

1. e4 c5 2. Nf3 d6 3. c3 Nf6 4. Be2 Bd7 5. Qc2 Nc6 (5... Qc7 6. O-O g6 7. d4
cxd4 8. Nxd4 Nc6 9. Be3 d5 10. Nd2 Bg7 11. Nb5 Qb8 12. Bf3 Ne5 13. Nd4 Nfg4 14.
exd5 Nxh2 15. Rfe1 Nhxf3+ 16. N2xf3 O-O 17. Bg5 Nxf3+ 18. Nxf3 e6 19. Qd2 exd5
20. Bf4 Qd8 21. Be5 Bc6 22. Bxg7 Kxg7 23. Qd4+ Qf6 24. Ne5 Rfe8 25. Re3 Re6 26.
Rae1 Rae8 27. R1e2 Kg8 28. Nxc6 {1-0 (28) Svidler,P (2743)-Gelfand,B (2759)
Sochi 2014}) 6. d4 e5 $146 (6... cxd4 7. cxd4 Rc8 8. Nc3 e5 9. d5 Nd4 10. Qd3
Nxe2 11. Qxe2 Be7 12. h3 O-O 13. Be3 Rxc3 14. bxc3 Nxe4 15. O-O Nxc3 16. Qb2
Nxd5 17. Qxb7 Nxe3 18. fxe3 a5 19. Rac1 Be6 20. Rfd1 Bxa2 21. Nxe5 Bg5 22. Kh1
Bxe3 23. Rc3 Bg5 24. Rc7 h6 25. Ng6 Re8 26. Rf1 Bf6 27. Rfc1 Be6 28. Nf4 Qa8
29. Qb5 Rb8 30. Nxe6 {1/2-1/2 (30) Hnydiuk,A (2387)-Kempinski,R (2613) Karpacz
2008}) 7. dxc5 dxc5 8. Bg5 Be7 9. Bxf6 Bxf6 10. Na3 $1 {[%cal Ga3c4,Gc4e5,
Gc4d6]} O-O 11. O-O Qc7 12. Nc4 (12. Nb5) 12... Rad8 13. Ne3 {[%csl Gd5,Gf5]}
Ne7 14. a4 g6 15. Rfd1 Bg7 16. Bc4 (16. Bb5 $5 Bxb5 17. axb5 Rxd1+ 18. Qxd1 Rd8
19. Qb3 $14 {[%csl Rf7][%cal Gf3g5,Ga1a7]}) 16... Bc6 17. Rxd8 Qxd8 18. Bb5 Qc7
19. Bxc6 Qxc6 20. Rd1 Rc8 21. Nd5 (21. Nc4 {[%cal Gd1d6]}) 21... Kf8 22. Qb3 h6
23. Nxe7 Kxe7 24. Rd5 $36 {[%csl Rg7]} Qc7 25. h4 Bf6 26. c4 Rd8 27. Qc3 Rd6
28. g3 h5 29. Kg2 b6 30. b3 Kf8 31. Nd2 Qd7 32. Nf1 a5 33. Qd3 $16 Ke7 34. Ne3
$1 {[%csl Ge3,Rf6]} Ke6 $2 35. f4 (35. g4 {[%cal Gg4g5]} Bxh4 36. gxh5 gxh5 37.
Nf5 $18 {[%cal Gf5d6,Gf5h4]}) 35... exf4 36. gxf4 Bd4 37. e5 Rxd5 38. Nxd5 Qd8
39. Qh3+ f5 40. Qg3 Kf7 41. Kh3 Kg7 42. Qg2 Ba1 43. Qg3 Bd4 44. Qe1 Qe8 45. Qh1
Qa8 46. Qg2 Qd8 47. Nf6 Bc3 48. Qb7+ Kf8 49. Nh7+ Kg8 50. Nf6+ Kf8 51. Qd5 Qxd5
52. cxd5 Bd2 53. d6 Kf7 54. Nd5 Ke6 55. Nxb6 Be1 56. Nd5 Bd2 57. Kg2 Be1 58.
Ne7 Kf7 59. Kh3 Bf2 1-0

[Event "Rohde op 06th"]
[Site "Sautron"]
[Date "2006.10.29"]
[Round "2"]
[White "Bitensky, Igor"]
[Black "Colovic, Aleksandar"]
[Result "0-1"]
[WhiteElo "2366"]
[BlackElo "2459"]
[Annotator "RR"]
[PlyCount "50"]
[EventDate "2006.10.28"]
[EventType "swiss"]
[EventRounds "9"]
[EventCountry "FRA"]
[SourceTitle "EXT 2007"]
[Source "ChessBase"]
[SourceDate "2006.11.23"]
[SourceVersion "1"]
[SourceVersionDate "2006.11.23"]
[SourceQuality "1"]

1. e4 c5 2. Nf3 d6 3. Bc4 (3. c3 {Monroy,C (2394)-Colovic,A (2459) Rohde op
6th 2006 (6.2) 1/2}) 3... Nf6 4. d3 (4. e5 dxe5 5. Nxe5 e6 6. Qe2 Be7 7. b3 $5
{[%cal Gc1b2] Une suite tranquille avec un B visant "g7"} O-O 8. Bb2 Nd5 $146 {
[%cal Gf7f6];Seret,J (2376)-Pham Minh Hoang (2476) FRA-chTII 0607 2006 (4) 1/2}
) 4... Nc6 5. c3 g6 (5... e6) 6. Bb3 (6. O-O {plus courant}) 6... Bg7 7. O-O
O-O 8. Re1 (8. h3 e5) 8... b5 9. h3 b4 10. d4 bxc3 11. bxc3 cxd4 ({RR} 11... d5
12. dxc5 dxe4 13. Qxd8 Nxd8 14. Ng5 Bb7 15. Bc2 Rc8 16. Nxe4 Nxe4 17. Bxe4 Bxe4
18. Rxe4 Ne6 19. Be3 Bf6 20. Rc4 Rfd8 21. Na3 Rd3 22. Rc1 a6 23. Nc2 a5 24. Na1
Nd8 25. Kf1 Nc6 26. Ke2 {Van Mil,J (2421)-Greenfeld,A (2570)/Tel Aviv 2001/CBM
082/[Hecht]/1-0 (54)}) 12. cxd4 d5 13. e5 Ne4 14. Nbd2 $146 (14. Ng5 Nxg5 15.
Bxg5 Na5 16. Nc3 Be6 17. Na4 Bf5 18. Nc5 {[%csl Gc5];Aronian,L (2752)-Leko,P 
(2740) Amber-rapid 15th (3) 1-0}) 14... Bf5 15. Bb2 Na5 16. Bc2 Nxd2 17. Nxd2
Bxc2 18. Qxc2 Bh6 19. Nf3 Rc8 $11 {[%csl Rb2][%cal Ga5c4]} 20. Qe2 Nc4 21. Bc1
Bxc1 22. Raxc1 Rb8 (22... Qa5) 23. h4 (23. Rc2 {Rc2 saisi а tort sur le
bulletin}) 23... Qa5 24. h5 Kg7 25. Ng5 Rb2 {suite illisible et gain noir au
59ème coup} 0-1

[Event "Rohde op 06th"]
[Site "Sautron"]
[Date "2006.10.29"]
[Round "2"]
[White "Monroy, Charles"]
[Black "Shchekachev, Andrei"]
[Result "1/2-1/2"]
[WhiteElo "2394"]
[BlackElo "2561"]
[Annotator "RR"]
[PlyCount "80"]
[EventDate "2006.10.28"]
[EventType "swiss"]
[EventRounds "9"]
[EventCountry "FRA"]
[SourceTitle "EXT 2007"]
[Source "ChessBase"]
[SourceDate "2006.11.23"]
[SourceVersion "1"]
[SourceVersionDate "2006.11.23"]
[SourceQuality "1"]

1. e4 c5 2. Nf3 d6 3. c3 {le rennais aime bien les systèmes lents et
positionnels} Nf6 4. Be2 {[%cal Gd1a4,Ga4e4]} (4. h3 Nc6 5. Bd3 {[%cal Gd3c2]}
g6 6. Bc2 Bg7 7. O-O O-O 8. d4 (8. Re1 e5) 8... cxd4 9. cxd4 Nb4 10. Bb3 d5 (
10... Nxe4 $4 11. Qe1 {[%cal Ge1b4,Ge1e4]}) 11. e5 Ne4 12. Nc3 Nxc3 13. bxc3
Nc6) 4... g6 (4... Nbd7) (4... Bg4 {Monroy,C (2394)-Colovic,A (2459) Rohde op
6th 2006 (6.2) 1/2}) 5. O-O a6 ({RR} 5... Bd7 6. Qc2 Qc7 7. d3 Bg7 8. a3 O-O 9.
b4 Na6 10. Ra2 Rac8 11. Rb2 d5 12. b5 Nb8 13. c4 dxe4 14. dxe4 Bg4 15. Nc3 Nbd7
16. h3 Bxf3 17. Bxf3 Nb6 18. Be2 Rfd8 19. Be3 Rd4 20. Rb3 {Solak,D (2501)
-Neverov,V (2578)/Cappelle la Grande 2002/CBM 086 ext/0-1 (73)}) (5... Bg7 {
La ligne principale}) 6. Re1 {[%cal Ge2f1]} Bg7 7. Bf1 $146 Bg4 8. h3 Bxf3 9.
Qxf3 Nc6 10. d3 O-O 11. Bg5 b5 12. Nd2 Nd7 $1 {[%csl Rb2][%cal Gd7b6,Gb6a4]}
13. a3 Nb6 14. Qe3 Na4 15. Rab1 Qd7 16. Bh6 e5 $1 {Anticipant l'échange des B
pour surcontroler les cases noires} 17. Bxg7 Kxg7 18. Nf3 Rae8 19. d4 (19. h4
f5 20. h5 f4 21. Qd2 gxh5 22. d4 $44) 19... f5 20. dxc5 fxe4 21. Qxe4 (21. Ng5
$5 Nxc5 22. Rbd1 (22. Nxe4) 22... Ne6 23. Nxe4 d5 24. Nc5 Nxc5 25. Qxc5 d4 26.
Bd3 $14 {[%csl Ge4]}) 21... Nxc5 22. Qd5 e4 23. Red1 {[%cal Cf8f5,Cf5d5,Rd5c5]}
exf3 24. Qxc5 Rf6 25. Qb6 fxg2 26. Bxg2 Ne5 {[%cal Cb6a6,Gd6d5,Gf6b6,Ge8f8]}
27. Qb7 Qxb7 28. Bxb7 Rb8 29. Bd5 {[%csl Gd5]} Rbf8 30. Rd2 g5 (30... Nf3+ 31.
Bxf3 Rxf3 32. Rxd6 Rxf2 33. Rxa6 Re2 {[%cal Gf8f2]}) 31. Re1 Rf4 32. Re3 R8f6
33. Rg3 Kh6 34. Kg2 a5 35. b3 Ng6 36. Re3 Rh4 37. Kf1 Ne5 38. Kg2 g4 39. hxg4
Rxg4+ 40. Rg3 Rgf4 {La première contre-performance du russe dans ce tournoi.}
1/2-1/2

[Event "Rohde op 06th"]
[Site "Sautron"]
[Date "2006.11.01"]
[Round "6"]
[White "Monroy, Charles"]
[Black "Colovic, Aleksandar"]
[Result "1/2-1/2"]
[WhiteElo "2394"]
[BlackElo "2459"]
[Annotator "RR"]
[PlyCount "66"]
[EventDate "2006.10.28"]
[EventType "swiss"]
[EventRounds "9"]
[EventCountry "FRA"]
[SourceTitle "EXT 2007"]
[Source "ChessBase"]
[SourceDate "2006.11.23"]
[SourceVersion "1"]
[SourceVersionDate "2006.11.23"]
[SourceQuality "1"]

1. e4 c5 2. Nf3 d6 3. c3 (3. Bc4 {Bitansky,I (2366)-Colovic,A (2459) Rohde op
6th 2006 (2.4) 0-1}) 3... Nf6 4. Be2 Bg4 ({RR} 4... Nbd7) (4... g6 5. O-O Bg7
6. Bb5+ Nc6 7. Re1 O-O 8. h3 Bd7 $1 9. d4 Nxd4 $1 {L'idée d'IVANTCHUK qui rend
assez douteuse la variante 6.Bb5+} 10. cxd4 (10. Nxd4) 10... Bxb5 11. Qb3 Ba6 {
La préparation des noirs pour ce match de NII s'est traduite par un P de plus
et la paire de B} 12. dxc5 dxc5 13. e5 c4 $1 14. Qa3 Nd5 15. Rd1 e6 16. Nc3 Qe7
$1 {[%cal Ge7a3] redonnant le P de plus dans des bonnes conditions} 17. Nxd5
Qxa3 18. bxa3 exd5 19. Rxd5 Rfd8 $15 {Monroy,C (2394)-Pham Minh Hoang (2476)
FRA-chTII 0607 2006 (3.1) 1/2}) 5. h3 ({RR} 5. d3 e6 6. Nbd2 Nc6 7. Nf1 d5 ({RR
} 7... Bh5 8. Ng3 Bg6 9. O-O d5 10. exd5 Nxd5 11. d4 a6 12. Re1 Be7 13. Bd3
cxd4 14. Bxg6 hxg6 15. Nxd4 Qb6 16. Nf3 Rd8 17. Qe2 Qc7 18. Bd2 Bd6 19. c4 Nf4
20. Bxf4 Bxf4 21. Nf1 Nd4 22. Qe4) 8. exd5 Nxd5 ({RR} 8... exd5 9. Ne3 Be6 10.
d4 Bd6 11. dxc5 Bxc5 12. Nc2 O-O 13. O-O Re8 14. Be3 Bd6 15. Nfd4) 9. Qa4 Bh5
10. Ng3 Nb6 ({RR} 10... Bxf3 11. Bxf3 Qd7) 11. Qd1 ({RR} 11. Qb5 a6 ({RR} 11...
Bg6 12. Bg5 Be7 13. Bxe7 Qxe7 14. h4 h6 15. h5 Bh7 16. d4 cxd4 17. Nxd4 Rc8 18.
Bf3 O-O 19. Nxc6 bxc6 20. Bxc6 Rfd8) 12. Qb3 Bg6 13. Bg5 Be7 14. Bxe7 Nxe7 15.
O-O O-O 16. d4 cxd4 17. Rad1 d3) 11... Bg6 12. O-O Be7 13. a4 ({RR} 13. Be3 Nd5
) 13... O-O 14. a5 Nd5 15. Qa4 Qc7 16. d4 ({RR} 16. Nh4 Bxh4 ({RR} 16... b5 17.
axb6 Nxb6 18. Qg4 Ne5 19. Qh3 Bxd3) 17. Qxh4 Nxa5) 16... cxd4 17. Nxd4 Nxd4 18.
Qxd4 f5 ({RR} 18... Rad8) 19. Qa4 ({RR} 19. Re1 Rad8 ({RR} 19... f4 20. Ne4
Rfd8 21. Qc4 Rac8 22. Qxc7 Rxc7 23. Bg4 e5) 20. Qc4 Qd6 21. Nf1 Bf6 22. Ne3) ({
RR} 19. Nh5 Bd6) 19... Rad8 {Kasimdzhanov,R (2678)-Anand,V (2786)/Linares 2005/
CBM 106/[Psakhis]/0-1 (38)} {RR} 20. Re1) ({RR} 5. O-O e6 6. d3 ({RR} 6. Ng5
Bxe2 7. Qxe2 Be7 8. d3 Nc6 9. f4 O-O 10. Nf3 b5 11. Kh1 Rc8 12. Be3 d5 13. e5
Nd7 14. Nbd2 f6 15. exf6 Bxf6 16. d4 cxd4 17. Bxd4 Qe7) ({RR} 6. Re1 Be7 7. d4
cxd4 8. cxd4 d5 9. exd5 Nxd5 10. h3 Bh5 11. Bb5+ Nc6 12. g4 Bg6 13. Ne5 Rc8 14.
Nc3 O-O 15. Nxd5 Qxd5) 6... Nc6 ({RR} 6... Be7 7. Nbd2 Nc6 8. h3 Bxf3 9. Nxf3
O-O 10. Re1 d5 11. e5 Nd7 12. d4 cxd4 13. cxd4 Qb6 14. a3 Na5 15. b4 Nc4 16.
Bd3 a5 17. bxa5 Rxa5 18. a4 Qa7 19. Bc2 b5) 7. Nbd2 ({RR} 7. h3 Bh5 8. Nh2 Bxe2
9. Qxe2 d5 10. Bg5 Be7 11. f4 dxe4 12. dxe4 O-O 13. Bxf6 Bxf6 14. e5 Be7 15.
Nd2 Qc7 16. Ne4 b6 17. Rad1 Rad8 18. Ng4) 7... d5 8. h3 Bh5 9. e5 Nd7 10. d4
Be7 11. Re1 O-O) 5... Bh5 6. d3 ({RR} 6. O-O e6 7. Re1 Be7 8. d4 O-O 9. dxc5
Nxe4 10. cxd6 Bxd6 11. Nbd2 Nxd2 12. Bxd2 Nc6 13. Be3 Qc7 14. Nd4 Nxd4 15. Bxh5
Nf5 16. Qb3 Nxe3 17. Rxe3 Bc5) 6... e6 7. Be3 $146 ({RR} 7. Nbd2 Be7 8. Nf1 h6
9. Ng3 Bg6 10. e5 Nd5 11. Ne4 dxe5 12. Nxe5 Bh7 13. Qa4+ Nd7 14. Bh5 g6 15.
Nxd7 Qxd7 16. Qxd7+ Kxd7 17. Bf3 g5 18. a3 Rac8 19. c4 Nf4 20. Bxf4 gxf4 21.
O-O-O Kc7 {Ansell,S (2383)-Wojtaszek,R (2606)/Birmingham 2005/EXT 2006/0-1 (66)
}) (7. O-O {la suite connue} Nc6 8. Nbd2 Be7 9. Re1 (9. Nh2 Bxe2 10. Qxe2 d5
11. e5 Ng8 12. f4) (9. g4 Bg6 10. Nh4 Nd7 11. Ng2 e5 12. f4 exf4 13. Nxf4 {
[%cal Gf4g6]})) 7... Nc6 8. Nbd2 Be7 9. a3 {[%cal Gb2b4]} O-O 10. O-O Rc8 11.
b4 a6 12. Qb3 b5 $11 13. Qb2 Nd7 14. Nb3 Nb6 15. Qd2 $6 c4 16. Bxb6 (16. dxc4
Nxc4 $15) 16... Qxb6 17. dxc4 bxc4 18. Nbd4 Bg6 (18... Bf6) 19. Qe3 Bf6 20.
Rfd1 Nxd4 21. Nxd4 Rfd8 22. Bf3 h6 (22... a5 23. Rab1) 23. g3 Qc7 24. h4 Re8
25. Re1 (25. a4) 25... Rcd8 26. Rad1 Be5 27. h5 Bh7 28. Bg2 Bf6 29. Qe2 Rc8 30.
Qe3 Red8 31. Qe2 Qd7 32. Qd2 Qa4 33. Ra1 Be5 1/2-1/2

[Event "EU-ch 8th"]
[Site "Dresden"]
[Date "2007.04.04"]
[Round "2"]
[White "Socko, Bartosz"]
[Black "Dinger, Florian"]
[Result "1-0"]
[WhiteElo "2641"]
[BlackElo "2317"]
[Annotator "Reeh,O"]
[PlyCount "51"]
[EventDate "2007.04.03"]
[EventType "swiss"]
[EventRounds "11"]
[EventCountry "GER"]
[SourceTitle "CBM 118"]
[Source "ChessBase"]
[SourceDate "2007.05.31"]
[SourceVersion "1"]
[SourceVersionDate "2007.05.31"]
[SourceQuality "1"]

1. e4 c5 2. Nf3 e6 3. b3 d6 4. Bb2 Nf6 5. e5 dxe5 6. Nxe5 Be7 7. Bd3 O-O 8. f4
Nbd7 9. Qf3 Nd5 10. a3 Nxe5 11. fxe5 f5 12. Nc3 Rb8 13. O-O-O Nxc3 14. dxc3 Qc7
15. Rhe1 b5 16. c4 a6 17. Kb1 Bb7 18. Qh3 Bc6 19. g4 g6 $2 {Now White's attack
becomes irresistible. Nun wird der weiße Angriff unwiderstehlich.} ({With the
pawn sacrifice Mit dem Bauernopfer} 19... Be4 $1 20. Bxe4 fxe4 21. Rxe4 {
Black would have kept the lines closed, with about equal chances. hätte
Schwarz Linienöffnung vermeiden können, mit etwa gleichen Chancen.}) 20. gxf5
exf5 21. e6 Bf6 22. e7 $1 {Opening even more lines! Öffnet noch mehr Linien!}
Rf7 ({Following Nach} 22... Bxe7 23. Re6 {Black has no reasonable defence
against 24.Qh6 (23...Bg5 24.Rxg6+!). hat Schwarz keine vernünftige
Verteidigung gegen 24.Qh6 (23...Bg5 24.Rxg6+!).}) 23. Bxf5 $1 {Opening both
the d- and the g-file! Öffnet gleichzeitig die d- und die g-Linie!} gxf5 (23...
Bxb2 24. Be6 $1 {and Black is helpless. und Schwarz ist hilflos.}) 24. Bxf6
Rxf6 {[%tqu "En","White to play and win.","Exploit the strength of the passed
e-pawn in connection with the open g-file.","Think of a scenario when White
can play Qg3+, deflecting the black queen from c7.","d1d8","Bravo!  You have
seen that if this rook is taken, White wins with the intermediate move Qg3+!",
10,"De","Weiß zieht und gewinnt.","Spielen Sie die Kraft des freien e-Bauern
aus in Verbindung mit der offenen g-Linie.","Stellen Sie sich ein Szenario vor,
wo Weiß durch Dg3+ die schwarze Dame von c7 ablenken könnte.","d1d8","Bravo! 
Sie haben erkannt, dass wenn dieser Turm geschlagen wird, Weiß durch den
Zwischenzug Dg3+! gewinnt.",10]} 25. Rd8+ $1 {Using the open g-file to full
effect! Nutzt die offene g-Linie voll aus!} Be8 (25... Rxd8 {fails to
scheitert an} 26. Qg3+ $1 Qxg3 27. exd8=Q+) ({and und} 25... Kg7 {loses to
verliert wegen} 26. Rg1+ Rg6 27. Rxg6+ Kxg6 (27... hxg6 28. Qh8+) 28. Qg2+ $1 {
, yet another deflecting attack of the queen on the g-file! , abermals ein
Ablenkungsangriff der Dame in der g-Linie!}) 26. Qh5 $1 {and Black resigns,
since after 26...Rg6 27.Qxf5 his position collapses. und Schwarz gab auf, denn
nach 26...Rg6 27.Qxf5 bricht seine Stellung zusammen.} 1-0

[Event "Vienna Millenium"]
[Site "Vienna"]
[Date "1996.08.09"]
[Round "1"]
[White "Kortschnoj, Viktor Lvovich"]
[Black "Topalov, Veselin"]
[Result "0-1"]
[WhiteElo "2635"]
[BlackElo "2750"]
[Annotator "Ribli,Z"]
[PlyCount "74"]
[EventDate "1996.08.09"]
[EventType "tourn"]
[EventRounds "9"]
[EventCountry "AUT"]
[EventCategory "18"]
[SourceTitle "CBM 055"]
[Source "ChessBase"]
[SourceDate "1996.12.01"]
[SourceVersion "1"]
[SourceVersionDate "1996.12.01"]
[SourceQuality "1"]

1. Nf3 d6 2. c4 Bg4 {Ribli.Es ist interessant, dass Topalov mit Weiss gegen
Adams, Dortmund 1996 CBM54 nach 1.Nf3 d6 2.d4 Bg4 3.c4 Nd7 4.e4 Bxf3 verloren
hat. Vielleicht hat Topalov Lust, diese Variante mit Schwarz zu spielen.} 3. e4
$6 $146 {Ribli. Nach diesem Zug hat Weiss keine Chance, zu Eroeffnungsvorteil
zu kommen.} (3. Qb3 $5 Qc8 4. d4 {A 41 Ribli}) (3. e3 $5 {Ribli}) (3. d4 $5 {
A 41 Ribli}) 3... c5 $1 4. Nc3 Bxf3 5. Qxf3 Nc6 6. d3 g6 $10 {[#] Ribli.Es ist
klar, dass Schwarz auf den schwarzen Felden spielen muss. Der Laeufer auf g7
kontrolliert den Schwachpunkt d4.} 7. g3 Bg7 8. Bg2 e6 {Ribli.Das ist
elastischer als 8...Nf6.} 9. O-O Nge7 10. Be3 O-O 11. Qe2 Rb8 {Ribli. Meiner
Meinung nach ist 11...a6 besser. Rb8 sollte eventuell spaeter kommen.} 12. Qd2
Nd4 {Ribli.Schwarz muss diesen Zug machen, sonst kommt Weiss mit 13.Ne2 und 14.
d4.} 13. Kh1 Nec6 14. f4 f5 {[#] Ribli.Typischer Zug in solchen Stellungen.
Jetzt oder spaeter muss Schwarz den moeglichen Vorstoss f4-f5 verhindern.} 15.
Rae1 Qa5 (15... Qd7 16. exf5 gxf5 17. Bxd4 Nxd4 18. Nb5 $10 {Ribli.}) 16. Bg1 (
16. exf5 gxf5 17. Nb5 Qxd2 18. Bxd2 Nxb5 19. cxb5 Nd4 20. Bc3 {Ribli.}) 16...
Kh8 17. h3 a6 18. g4 {Ribli.Es waere besser, zuerst die Diagonale h1-a8 mit 18.
exf5 zu oeffnen und danach 19.g4 zu spielen.} Rbe8 19. Bh2 (19. exf5 {Ribli.})
19... Qd8 20. exf5 $1 gxf5 21. gxf5 (21. g5 {Ribli}) 21... Nxf5 $15 22. Ne4
Ncd4 (22... Qd7 {Ribli}) (22... Qh4 23. Ng5 $13 {Ribli}) 23. Qd1 Nh4 24. Rg1
Ndf5 25. Ng5 Bd4 {[#]} 26. Nxh7 $36 (26. Nxe6 Rxe6 27. Rxe6 Bxg1 28. Bxg1 Rg8
$17 {Ribli.}) 26... Kxh7 27. Qh5+ Kg8 (27... Nh6 28. Be4+ N4f5 (28... Rf5 29.
Rg4 Bf6 30. Rxh4 Bxh4 31. Bxf5+ $18) 29. Bxf5+ Rxf5 30. Qg6+ Kh8 31. Qxh6# {
Ribli.}) 28. Be4+ Bg7 (28... Bxg1 29. Rxg1+ Ng7 30. Qh7+ Kf7 31. Qxg7# {Ribli.}
) 29. Rxg7+ Kxg7 $1 (29... Nxg7 $2 30. Bh7+ Kh8 31. Qh6 {Und Schwarz ist
hilflos.Ribli.}) 30. Rg1+ Kf6 31. Bg3 Ng6 (31... Rh8 32. Bxh4+ Nxh4 33. Qg5+
Kf7 34. Qg7# {Ribli.}) 32. Be1 (32. Bxf5 exf5 33. Bh4+ Nxh4 34. Qh6+ Ke7 35.
Rg7+ Rf7 36. Qxh4+ Ke6 37. Qe1+ Kf6 38. Qc3+ Ke7 $19 {Ribli.}) 32... Ke7 $8 33.
Rxg6 Kd7 34. Qg4 Kc8 35. Rxe6 $4 {Ribli.Weiss ist in grosser Zeitnot. 35.h4
waere viel besser - wenn moeglich gefolgt von 36.h5.} Rxe6 $19 36. Bxf5 Rxf5
37. Qxf5 Qd7 {Ribli.Nach 38.Bc3 kommt 38...Re1,und nach 38.Qf8 kommt 38...Re8.}
0-1